000 00421cam a2200157ua 4500
003 OSt
008 241226b |||||||| |||| 00| 0 eng d
020 _a81-203-1579-0
041 _aeng
082 _a005.3
_bHAB/CO
100 _aHabrakan, Joe .
_96620
245 _aComplete idiot`s guide to Microsoft Access 2000 /
260 _aNew Delhi :
_bPrentice Hall of India Pvt Ltd. ,
_c1999.
300 _a394 ; .
942 _cBK
999 _c561
_d561